000 00597nam a2200229Ia 4500
003 OSt
005 20220918183240.0
006 a|||||r|||| 00| 0
007 ta
008 220917b |||||||| |||| 00| 0 eng d
024 _a36,945
037 _cTextual
040 _aARTS
_cARTS
_beng
041 _2eng
_aeng
082 _aO142:3M21:1, 111F0
100 _aDostoeffsky Fyodor
_962343
245 0 _aCrime of punishment
260 _c1920
650 _aRUSSIAN LITERATURE
_915056
942 _hO142:3M21:1, 111F0
_cTEXL
_2CC
999 _c171980
_d171980